| Tag |
First Indicator |
Second Indicator |
Subfields |
| LEADER |
00000cam a2200000 a 4500 |
| 001 |
in00000085986 |
| 005 |
20151008064407.0 |
| 008 |
800929s1976 fr a i10000 engm |
| 010 |
|
|
|a 80498802
|
| 015 |
|
|
|a F***
|
| 035 |
|
|
|a (OCoLC)06863352
|
| 035 |
|
|
|9 AAK4095AM
|
| 040 |
|
|
|a DLC
|c DLC
|d m.c.
|d TXA
|d UtOrBLW
|
| 043 |
|
|
|a s------
|
| 049 |
|
|
|a TXAM
|c [933206]
|
| 050 |
0 |
0 |
|a QH179
|b .R43
|
| 082 |
0 |
|
|a 333.75/072054
|2 19
|
| 245 |
0 |
0 |
|a Regional meeting on integrated ecological research and training needs in tropical deciduous and semi-deciduous forest ecosystems of South Asia :
|b final report : Varanasi, 5-11 October, 1975 /
|c organized jointly by Unesco and UNEP.
|
| 264 |
|
1 |
|a [Paris] :
|b Unesco,
|c 1976.
|
| 300 |
|
|
|a 56 pages :
|b illustrations ;
|c 30 cm.
|
| 336 |
|
|
|a text
|b txt
|2 rdacontent
|
| 337 |
|
|
|a unmediated
|b n
|2 rdamedia
|
| 338 |
|
|
|a volume
|b nc
|2 rdacarrier
|
| 490 |
1 |
|
|a MAB report series ;
|v no. 35
|
| 500 |
|
|
|a At head of title: Programme on Man and the Biosphere. (MAB).
|
| 650 |
|
0 |
|a Forest ecology
|x Research
|z South Asia
|x Congresses.
|
| 650 |
|
0 |
|a Forest ecology
|x Study and teaching
|z South Asia
|x Congresses.
|
| 710 |
2 |
|
|a Unesco.
|b Programme on Man and the Biosphere.
|
| 710 |
2 |
|
|a United Nations Environment Programme.
|
| 710 |
2 |
|
|a International Co-ordinating Council of the Programme on Man and the Biosphere.
|
| 830 |
|
0 |
|a MAB report series ;
|v no. 35.
|
| 999 |
|
|
|a MARS
|
| 999 |
f |
f |
|s c681dd7e-b636-3da5-94f0-57fc2b86b082
|i a36f6395-ec8c-38d1-9093-2565be364635
|t 0
|
| 952 |
f |
f |
|p ric
|a Texas A&M University
|b Rellis Campus
|c Joint Library Facility
|d Remote Storage
|t 0
|e QH179 .R43
|h Library of Congress classification
|i unmediated -- volume
|m A14806216216
|
| 998 |
f |
f |
|a QH179 .R43
|t 0
|l Remote Storage
|